000 00500nam a2200181Ia 4500
001 8888
005 20260306160643.0
008 260306t2016||||xx |||||||||||||| ||spa||
041 _aESP
082 _a371.823
_bS719
100 _aSax, Leonard,
_eAUT
245 0 _aBoys adrift :
_bthe five factors driving the growing epidemic of unmotivated boys and underachieving young men
260 _c2016
300 _a341 páginas :
_c21 cm.
650 _aGEN
654 _aCED
942 _cLIB
_dJUS
_fJUS
_2ddc
_n
999 _c8888
_d8888